| 000 | 01331cam a2200349 4500 | ||
|---|---|---|---|
| 008 | #DATE n2003 000 0 eng u | ||
| 020 | _a0117536482 | ||
| 035 | _a(Sirsi) u121775 | ||
| 041 | _aeng | ||
| 050 |
_a711.309427 _c18 |
||
| 110 |
_aGovernment Office for the North West _92407 |
||
| 240 | _aRPG13 | ||
| 245 | _aRegional planning guidance for the North West | ||
| 260 |
_aLondon _bStationery Office _c2003 |
||
| 300 |
_a202p. _c30cm. |
||
| 350 | _a24 | ||
| 490 |
_aRPG _v13 |
||
| 520 | _aProvides the regional spatial framework for Cheshire, Cumbria, Lancashire, Greater Manchester and Merseyside (including all their constituent unitary and district planning authorities, together with the Lake District National Park authority). View RPG13 at www.go-nw.gov.uk. | ||
| 520 | _aSupersedes 1996 edition (ISBN 0117532673). | ||
| 650 | _aCHESHIRE | ||
| 650 | _aCUMBRIA | ||
| 650 | _aGREATER MANCHESTER | ||
| 650 | _aLANCASHIRE | ||
| 650 | _aMERSEYSIDE | ||
| 650 | _aNORTHWEST ENGLAND | ||
| 650 | _aREGIONAL PLANNING GUIDANCE | ||
| 650 | _aRPG13 | ||
| 690 |
_aPlanning and development _96259 |
||
| 710 |
_aUnited Kingdom _bOffice of the Deputy Prime Minister |
||
| 856 |
_uhttps://www.go-nw.gov.uk/planning/rpg13.html _zView RPG13 on the Government Office for the North West website... |
||
| 942 | _n0 | ||
| 999 |
_c102733 _d102733 |
||